Democracia y educación: una introducción a la filosofía de la educación

Guardat en:
Dades bibliogràfiques
Autor principal: Dewey, John (Autor)
Format: Llibre
Idioma:espanyol
Publicat: Madrid Morata 1995
Col·lecció:Colección Raíces de la Memoria
Matèries:
Etiquetes: Afegir etiqueta
Sense etiquetes, Sigues el primer a etiquetar aquest registre!

MARC

LEADER 00000nam a2200000 a 4500
001 UCO4698
003 CL-VaPUC
008 000811e19950000SP |||||||||||||||||spa|d
082 0 4 |a 370.1  |b DEW  |2 21 
100 0 |a Dewey, John  |e author  |9 328380 
245 1 0 |a Democracia y educación: una introducción a la filosofía de la educación 
300 |a 319 p 
942 |c BK 
945 |d 20000811 00:00:00  |a vberengu 
260 |a Madrid  |b Morata  |c 1995 
650 0 |a Democracia  |9 255256 
650 7 |a DESARROLLO DE LA EDUCACION  |2 CL-VaPUC  |9 449334 
650 0 |a Ética  |9 255099 
650 0 |a Filosofía de la educación   |9 258384 
650 0 |a Sociología de la educación   |9 260380 
650 0 |a Valores culturales  |9 338166 
650 0 |a Valores morales   |9 310604 
583 |a last modification  |c 20000811 00:00:00  |k Rodrigo Vera 
490 0 |a Colección Raíces de la Memoria 
999 |c 290702  |d 290700 
952 |0 0  |1 0  |4 0  |6 370_100000000000000_DEW_1995  |7 0  |8 A  |9 340258  |a BIBEDU  |b BIBEDU  |d 2019-11-20  |i 3641988  |l 4  |m 2  |o 370.1 DEW 1995  |p 3641988  |q 2024-08-02  |r 2024-07-03  |s 2024-07-03  |w 2019-11-20  |y BK  |k BME